Pays de l'ex-URSS - Statistiques

Statistiques générales
  • Ce quiz a été pris 85 fois
  • Le résultat moyen est 13 sur 15
Statistiques - réponses
Hint Réponse % Correct
15 Ukraine
98%
3 Biélorussie
96%
9 Lettonie
93%
8 Lituanie
93%
4 Estonie
91%
12 Russie
89%
5 Géorgie
83%
6 Kazakhstan
83%
11 Ouzbékistan
80%
2 Azerbaïdjan
79%
1 Arménie
78%
7 Kirghizistan
77%
10 Moldavie
74%
13 Tadjikistan
74%
14 Turkménistan
73%
Aucun quiz correspondant
Distribution des résultats
% des personnes avec chaque résultat
Percentile par nombre de réponses
Votre historique - résultats
Vous n’avez pas pris ce quiz